00920nam a22002297a 4500999001700000005001700017010002600034020002800060035002300088037001300111082001000124100001600134245008400150260004700234270005500281300002400336500004000360700001900400942002400419952012500443952012200568 c87628d8762820230302134257.0 aENG-110610 ENG-136285 a9789350533420c1000.00  aEN-94142 EN-119817 bDBAD/PUB a330.9 aJhala, S.J. aHistory of evolution in economic geography /cby S.J. Jhala [and] Y.M. Chudasma aNew Delhi bCyber Tech Publications c2014 bNew Delhi a4264/3, Ansari Road, Daryaganje110002 axii,264p.c22cm(Hb) aIncludes bibliographical references aChudasma, Y.M. 2ddccENmJHAh330.9 001040718NFICaDBADbDBADd2014-08-06eDBAD/PUBg1000.00l0o330.9 JHApEN-94142r2014-08-06 00:00:00t1v1000.00yEN 001040708NFICaAVbAVd2023-03-02eDBAD/PUBg1000.00l0o330.9 JHApEN-119817r2023-03-02 00:00:00t1v1000.00yEN